000 00669nam a22002057a 4500
003 OSt
005 20260224000659.0
008 260224b |||||||| |||| 00| 0 eng d
020 _a978-1-59339-397-7 volume
040 _aDWCL-Main Lib
_cOC
082 _aGR.629.4354 B862 2008
110 _aENCYCLOPAEDIA BRITANICA
_eCorporate Author
245 _aBritanica illustrated science library : space exploration. /
260 _aChicago :
_bEncyclopaedia Britanica,
_cc2008
300 _a101 p. :
_bill. ( col. ) ;
_c27 cm.
504 _a1. Includes index.
650 _aOuter space - exploration - encyclopaedia.
650 _aSpace flight.
942 _2ddc
_cGR
_mGR.
_n0
999 _c8506
_d8506